00668nam a2200169 a 450000500170000000800410001702000180005805000230007610000200009924500360011926000400015530000230019552001160021865000210033499900190035595201240037420140412111358.0060126s19uu xx 00 eng d a0-590-44490-5 aTR(PS EbSu71 1990 aPfister, Marcus aSun and moon /cMarcus Pfister. aNew York :bScholastic Inc.,c1990. a1 v. (unp.) ; ill. aIt seems that the sun and the moon might never meet in the sky. Yet one cloudless day, the impossible happens! aChildren stories c105432d105432 00104050aELbELcTRd2006-01-26eDonationg165.00l0oTR(PS E Su71 1990pE10135r2014-04-12 00:00:00w2014-04-12yBK